|
|
|
|
| LEADER |
00752cam a2200253ua 4500 |
| 008 |
051209s1981 g b000 u Eng u |
| 020 |
|
|
|c R 15
|
| 044 |
|
|
|a
|
| 082 |
1 |
4 |
|a 539.721 7 M1
|
| 100 |
1 |
|
|a Kitaigorodsky, A I.
|
| 245 |
0 |
0 |
|a Photons and nuclei /
|h Textual Documents
|
| 260 |
|
|
|a Moscow : Mir ,
|c 1981.
|
| 300 |
|
|
|a ;
|
| 365 |
|
|
|a R 15
|
| 440 |
0 |
|
|a Physics for everyone,
|v 4
|x ;
|
| 490 |
0 |
|
|a Physics for everyone,
|v 4
|x ;
|
| 650 |
|
0 |
|a Light
|
| 650 |
|
0 |
|a Nuclear physics
|
| 650 |
|
0 |
|a Phonons
|
| 650 |
|
0 |
|a Quasi particles
|
| 700 |
1 |
|
|a Yankovsky, George.
|
| 942 |
|
|
|c BK
|
| 999 |
|
|
|c 103915
|d 103915
|
| 952 |
|
|
|0 0
|1 0
|4 0
|6 539_721000000000000_7_M1
|7 0
|9 98552
|a SCS
|b SCS
|d 2014-06-26
|h R 15
|l 0
|o 539.721 7 M1
|p SCS00986
|r 2014-06-26
|w 2014-06-26
|y BK
|